| 000 | 00425nam a2200157Ia 4500 | ||
|---|---|---|---|
| 003 | GCL | ||
| 008 | 140319s9999 xx 000 0 eng d | ||
| 040 |
_aGCL / _cGCL |
||
| 082 | 0 | 4 |
_a691 _bS T |
| 100 | 1 | _aSHARMA, S.K. | |
| 245 | 1 | 0 |
_aA TEXT-BOOK OF BUILDING CONSTRUCTION / _cSHARMA, S.K. |
| 260 |
_a[S.N] : _bS. CHAND & COMPANY (PVT) LTD ، _c1994 |
||
| 300 | _a728 P | ||
| 650 | 0 | 4 | _aBUILDING CONSTRUCTION |
| 942 |
_2ddc _cBK |
||
| 999 |
_c10796 _d10796 |
||